00655nam a22002297a 4500003001100000005001700011008004100028020001500069040003900084041000800123082001300131100001700144110002200161111001900183245002600202260003300228300002500261650002900286942000700315952008800322999001500410LK-CoMWRAF20231020120338.0230928b1976 |||||||| |||| 00| 0 eng d a0690008511 aLK-CoMWRAFdLK-CoMWRAFeLK-CoMWRAF aeng a823bHAR aHarris, Mark aHarris, Josephine aHarris, Hester aThe Design of fiction aNew York : bCrowell, c1976 axvi, 518 p. ; 24 cm. aEnglish-- Short stories. cBK 00104070aMAINbMAINd2023-09-28l0o823 HARpRAF2088r2023-09-28w2023-09-28yBK c3728d3728